Mixed Word: Common Bond LXXXII Quiz Stats

 Plays Quiz Updated Oct 19, 2016

Challenge
Share
Tweet
Embed
Score 0/11 Timer 03:00
0 Plays Today
Mixed Word Answer % Correct
AYSIRS[Y]RIA
96.9%
AUKWITKUWAI[T]
92.1%
NATNIAZATAN[Z]ANIA
90.5%
SPYCURC[Y]PRUS
89.2%
VOOKOS[K]OSOVO
87.8%
SWANBOATBOT[S]WANA
84.7%
BAGHANDLESB[A]NGLADESH
82.1%
LADINERI[R]ELAND
57.1%
NAUTILIAHLITHUA[N]IA
47.5%
Unscramble the highlighted letters to create the final country:KYRGYZSTAN
38.9%
REGENTMOONMONTENE[G]RO
38.6%

You're not logged in!

Compare scores with friends on all Sporcle quizzes.
Join for Free
OR
Log In

You Might Also Like...

Show Comments

Extras

Top Quizzes Today


Score Distribution

Your Account Isn't Verified!

In order to create a playlist on Sporcle, you need to verify the email address you used during registration. Go to your Sporcle Settings to finish the process.

Report this User

Report this user for behavior that violates our Community Guidelines.

Details: